[Event "10th American Continental"]
[Site "Montevideo URU"]
[Date "2015.05.23"]
[Round "10.50"]
[White "Gomes, Carlos Henrique Caldeira"]
[Black "Kimelman, Gabriel"]
[Result "0-1"]
[BlackTitle "CM"]
[WhiteElo "1894"]
[BlackElo "2067"]
[WhiteFideId "2120160"]
[BlackFideId "3003035"]
[EventDate "2015.05.15"]
[EventType "swiss"]

1. d4 Nf6 2. c4 g6 3. Nc3 Bg7 4. e4 d6 5. h3 O-O 6. Nf3 e5 7. d5 a5 8. Be3 Na6
9. Be2 Nc5 10. Nd2 Ne8 11. g4 f5 12. gxf5 gxf5 13. Rg1 Nxe4 14. Ndxe4 fxe4 15.
Nxe4 Qh4 16. Ng5 Nf6 17. Ne6 Bxe6 18. dxe6 Qxh3 19. Bg4 Nxg4 20. Qxg4 Qxg4 21.
Rxg4 Rf6 22. Ke2 Rxe6 23. Rag1 Rg6 24. Rxg6 hxg6 25. Rxg6 Kf7 26. Rg1 Rh8 27.
Rd1 Ke6 28. Rg1 Bf6 29. Kd3 Kf5 30. b3 c6 31. Rc1 Rh3 32. Ke2 Ke6 33. Bb6 a4 34.
b4 Ra3 35. Rc2 d5 36. b5 d4 37. bxc6 d3+ 38. Kd2 bxc6 39. Rc1 e4 40. f4 Rxa2+ 0-1

[Event "10th American Continental"]
[Site "Montevideo URU"]
[Date "2015.05.23"]
[Round "10.51"]
[White "Cardoso Pimenta, Ciro Jose"]
[Black "Toledo, Javier"]
[Result "0-1"]
[WhiteElo "2066"]
[BlackElo "1769"]
[WhiteFideId "2118599"]
[BlackFideId "3007502"]
[EventDate "2015.05.15"]
[EventType "swiss"]

1. e4 c5 2. Nf3 e6 3. d4 cxd4 4. Nxd4 a6 5. Nc3 Qc7 6. Bd3 Nf6 7. O-O b5 8. Bg5
Bc5 9. Nb3 Be7 10. f4 b4 11. Ne2 d6 12. Ned4 Bb7 13. Qe2 Nbd7 14. a3 Nc5 15. e5
Nxb3 16. Nxb3 Nd5 17. Bxe7 Qxe7 18. Na5 dxe5 19. Nxb7 Qxb7 20. Qxe5 Qb6+ 21. Kh1
O-O 22. Rf3 Rad8 23. Qh5 g6 24. Qe5 f6 25. Qe2 Qd6 26. g3 bxa3 27. Rxa3 Nb4 28.
Bc4 Qd1+ 29. Qxd1 Rxd1+ 30. Kg2 Nxc2 31. Bxe6+ Kg7 32. Rxa6 Ne1+ 33. Kf2 Nxf3
34. Kxf3 Rd2 35. Ra7+ Kh6 36. h4 f5 37. b3 Rd3+ 38. Kf2 Rfd8 39. Bc4 Rc3 40. Ra2
Re8 41. Ra7 Rd8 42. Ra2 Kh5 43. Be2+ Kh6 44. Rb2 Re8 45. b4 Ree3 46. b5 Rxg3 47.
Bd1 Rgd3 48. Ke2 Rh3 49. Kd2 Rc8 50. Be2 Rxh4 51. Ke3 Re8+ 52. Kf3 Rh3+ 53. Kg2
Rhe3 54. Bf3 Rb8 55. b6 Re6 56. b7 Re7 57. Kg3 Kg7 58. Rb6 Kf8 59. Kh4 Kg7 60.
Kg3 h6 61. Kh4 Rf7 62. Bg2 Rf6 63. Rb4 Kf7 64. Rb2 Rd6 65. Bf3 Rd4 66. Kg3 g5
67. fxg5 hxg5 68. Rb6 Rd3 69. Kf2 g4 70. Be2 Rd7 71. Bc4+ Kg7 72. Be6 Rdxb7 73.
Rxb7+ Rxb7 74. Bxf5 0-1

[Event "10th American Continental"]
[Site "Montevideo URU"]
[Date "2015.05.23"]
[Round "10.52"]
[White "Carbone, Diego"]
[Black "Rodriguez Farias, Eduardo"]
[Result "1-0"]
[WhiteTitle "CM"]
[WhiteElo "2052"]
[BlackElo "1956"]
[WhiteFideId "3002179"]
[BlackFideId "3005062"]
[EventDate "2015.05.15"]
[EventType "swiss"]

1. Nf3 Nf6 2. c4 g6 3. g3 Bg7 4. Bg2 O-O 5. Nc3 d6 6. d4 Nbd7 7. O-O e5 8. e4 c6
9. h3 Qb6 10. Re1 exd4 11. Nxd4 Ne8 12. Nb3 a5 13. Be3 Qb4 14. Nd4 Bxd4 15. Qxd4
Ne5 16. b3 c5 17. Qd2 Bxh3 18. f4 Bxg2 19. fxe5 dxe5 20. Kxg2 Qb6 21. Bh6 Ng7
22. Nd5 Qd8 23. Rh1 1-0

[Event "10th American Continental"]
[Site "Montevideo URU"]
[Date "2015.05.23"]
[Round "10.53"]
[White "Hirota da Silva, Nilton"]
[Black "Dominguez, Facundo"]
[Result "0-1"]
[WhiteElo "2045"]
[BlackElo "1947"]
[WhiteFideId "2101700"]
[BlackFideId "3005178"]
[EventDate "2015.05.15"]
[EventType "swiss"]

1. c4 e5 2. g3 Nf6 3. Bg2 d5 4. cxd5 Nxd5 5. Nc3 Nb6 6. d3 Nc6 7. Nf3 Be7 8. O-O
Be6 9. Be3 O-O 10. a3 Nd5 11. Nxd5 Bxd5 12. Rc1 a5 13. Qa4 Re8 14. Rfd1 Qc8 15.
Bc5 Qe6 16. Nd2 Bxg2 17. Kxg2 Nd4 18. Bxd4 exd4 19. Nf3 Qxe2 20. Rd2 Qe6 21.
Rxc7 b6 22. Nxd4 Qd5+ 23. Nf3 Bd6 24. Qc4 Qf5 25. Rc6 Bc5 26. d4 Qe4 27. Qb5
Rad8 28. d5 Re5 29. d6 Re6 30. Rxc5 bxc5 31. Qxc5 Rf6 32. Qc3 h6 33. d7 Qb7 34.
Qd3 g5 35. Re2 Rxd7 36. Qc3 Kg7 37. g4 Rc7 38. Qe5 Rc4 39. Re3 Rf4 0-1

[Event "10th American Continental"]
[Site "Montevideo URU"]
[Date "2015.05.23"]
[Round "10.55"]
[White "Pena Canapa, Alfredo"]
[Black "Sosa Macho, Juan Manuel"]
[Result "0-1"]
[WhiteElo "1785"]
[BlackElo "2137"]
[WhiteFideId "3003140"]
[BlackFideId "3000354"]
[EventDate "2015.05.15"]
[EventType "swiss"]

1. d4 Nf6 2. Nf3 e6 3. Bg5 Be7 4. Nbd2 c5 5. e3 cxd4 6. exd4 h6 7. Bh4 b6 8. Bd3
Bb7 9. c3 d6 10. h3 Nbd7 11. Qe2 g5 12. Bg3 Nf8 13. Bb5+ N6d7 14. Bd3 Rg8 15.
Nc4 Nf6 16. Ne3 Ng6 17. Bb5+ Kf8 18. Kf1 Nh5 19. Ng4 Nhf4 20. Qd2 h5 21. Ne3
Nxg2 22. Kxg2 Nf4+ 23. Kh2 Bxf3 24. Rhg1 Ng6 25. d5 h4 26. dxe6 fxe6 27. Raf1
Bb7 28. Bc4 d5 29. Bd3 hxg3+ 30. fxg3+ Kg7 31. Ng4 Qd6 32. Qe3 d4 33. cxd4 Qd5
34. Rf2 Rh8 35. Re1 Raf8 36. Bxg6 Kxg6 37. Ne5+ Kg7 38. Rfe2 Rh6 39. Qd3 Rfh8
40. h4 gxh4 41. g4 Bf6 42. Qe3 Bxe5+ 43. dxe5 Qf3 44. Qg5+ Rg6 45. Qe7+ Kh6 46.
g5+ Kh5 0-1

[Event "10th American Continental"]
[Site "Montevideo URU"]
[Date "2015.05.23"]
[Round "10.56"]
[White "De Haro, Martim Afonso Palma"]
[Black "Guisande, Fernando"]
[Result "1/2-1/2"]
[WhiteElo "2048"]
[BlackElo "1898"]
[WhiteFideId "2101653"]
[BlackFideId "3002918"]
[EventDate "2015.05.15"]
[EventType "swiss"]

1. e4 c5 2. Nc3 Nc6 3. f4 g6 4. Nf3 Bg7 5. Bb5 e6 6. O-O Nge7 7. Bxc6 Nxc6 8. e5
O-O 9. Ne4 f6 10. exf6 Bxf6 11. Nxf6+ Qxf6 12. d3 d5 13. c3 1/2-1/2

[Event "10th American Continental"]
[Site "Montevideo URU"]
[Date "2015.05.23"]
[Round "10.57"]
[White "Moccero, Eduardo"]
[Black "Gomes, Marco Tulio"]
[Result "1-0"]
[WhiteElo "2004"]
[BlackElo "1883"]
[WhiteFideId "103373"]
[BlackFideId "2115271"]
[EventDate "2015.05.15"]
[EventType "swiss"]

1. d4 d5 2. Nf3 Nf6 3. e3 e6 4. Bd3 c5 5. c3 Nc6 6. Nbd2 Bd6 7. O-O O-O 8. dxc5
Bxc5 9. Qe2 Qc7 10. e4 dxe4 11. Nxe4 Be7 12. Nfg5 h6 13. Nxf6+ Bxf6 14. Nh7 Be5
15. Nxf8 Bxh2+ 16. Kh1 Kxf8 17. g3 Bxg3 18. fxg3 Qxg3 19. Bf4 Qh4+ 20. Bh2 g5
21. Rf3 Nd8 22. Raf1 Bd7 23. Be4 g4 1-0

[Event "10th American Continental"]
[Site "Montevideo URU"]
[Date "2015.05.23"]
[Round "10.58"]
[White "Muzzi, Eduardo"]
[Black "Porteiro, Rodrigo"]
[Result "1-0"]
[WhiteTitle "CM"]
[WhiteElo "1987"]
[BlackElo "1727"]
[WhiteFideId "3001253"]
[BlackFideId "3006140"]
[EventDate "2015.05.15"]
[EventType "swiss"]

1. d4 c6 2. Nf3 d5 3. c4 Nf6 4. Nc3 e6 5. Qc2 Be7 6. e3 Nbd7 7. Be2 O-O 8. O-O
dxc4 9. Bxc4 b5 10. Be2 Bb7 11. e4 b4 12. Na4 c5 13. e5 Nd5 14. Bd3 h6 15. dxc5
Rc8 16. Qe2 Nxc5 17. Nxc5 Rxc5 18. Qe4 g6 19. Bxh6 Re8 20. Qe2 Kh7 21. Bd2 Rh8
22. Rfd1 a5 23. Rac1 Kg7 24. Rxc5 Bxc5 25. Be4 Qb6 26. Bg5 Kg8 27. Qc2 Kh7 28.
Bh4 Kg7 29. Bxd5 Bxd5 30. Bf6+ Kg8 31. Bxh8 Kxh8 32. Rc1 Bd4 33. Ng5 Kg7 34. Re1
b3 35. axb3 Bxb3 36. Qe2 Bd5 37. Qd2 Qxb2 38. Qf4 Qc3 39. Qf6+ Kh6 40. Nxf7+ Kh7
41. Qh8# 1-0

[Event "10th American Continental"]
[Site "Montevideo URU"]
[Date "2015.05.23"]
[Round "10.59"]
[White "Chamlian, Aram"]
[Black "Ruggiero, Alvaro"]
[Result "1/2-1/2"]
[BlackTitle "CM"]
[WhiteElo "1714"]
[BlackElo "1967"]
[WhiteFideId "3003639"]
[BlackFideId "3001504"]
[EventDate "2015.05.15"]
[EventType "swiss"]

1. e4 c6 2. d3 d5 3. Nd2 dxe4 4. dxe4 g6 5. Ngf3 Bg7 6. Bc4 Nf6 7. O-O O-O 8.
Re1 Bg4 9. e5 Nd5 10. h3 Bxf3 11. Nxf3 e6 12. Bg5 Qc7 13. Qd2 Nd7 14. Bh6 Rad8
15. Bxd5 cxd5 16. Bxg7 Kxg7 17. g4 Rc8 18. c3 Nc5 19. h4 Qe7 20. g5 Ne4 21. Qe3
Qc5 22. Nd4 a6 23. Kg2 Qe7 24. f3 Nc5 25. Rh1 Rg8 26. Rh2 Na4 27. Qd2 Qc7 28. f4
Nc5 29. Rah1 Ne4 30. Qe3 Qc4 31. a3 Qa2 32. Kf3 Rc7 33. h5 gxh5 34. Rxh5 Kf8 35.
Rxh7 Ke7 36. Nxe6 Kxe6 37. f5+ Ke7 38. g6 Qxb2 39. Rxf7+ Kd8 40. Rxc7 Kxc7 41.
Rh7+ Kc6 42. g7 Qb1 43. f6 Nd2+ 44. Qxd2 Qxh7 45. c4 Qh5+ 46. Kg2 Qg4+ 47. Kf2
Qxc4 48. f7 Qh4+ 49. Kf1 Qh1+ 50. Kf2 Qh2+ 51. Kf1 Qh1+ 52. Kf2 Qh4+ 53. Kf1
Qh1+ 54. Kf2 Qh4+ 1/2-1/2

[Event "10th American Continental"]
[Site "Montevideo URU"]
[Date "2015.05.23"]
[Round "10.60"]
[White "Larrea, Daniela"]
[Black "Zimmermann, Kleber Renato P."]
[Result "1/2-1/2"]
[BlackTitle "CM"]
[WhiteElo "1705"]
[BlackElo "1966"]
[WhiteFideId "3003000"]
[BlackFideId "2150050"]
[EventDate "2015.05.15"]
[EventType "swiss"]

1. d4 Nf6 2. c4 c5 3. d5 b5 4. cxb5 a6 5. b6 d6 6. Nc3 g6 7. e4 Nbd7 8. a4 Qxb6
9. a5 Qb4 10. Ra4 Qb7 11. Nf3 Bg7 12. Be2 O-O 13. O-O Ne8 14. Nd2 Nc7 15. Nc4
Nb5 16. Bd2 Nxc3 17. Bxc3 Bxc3 18. bxc3 Rb8 19. f4 Qb3 20. Qxb3 Rxb3 21. Ra3 Rb8
22. e5 dxe5 23. fxe5 Rd8 24. Bf3 Nf8 25. Nb6 Nd7 26. Nc4 Nf8 27. Nb6 Nd7 28. Nc4 1/2-1/2

[Event "10th American Continental"]
[Site "Montevideo URU"]
[Date "2015.05.23"]
[Round "10.61"]
[White "Quevedo, Andreina"]
[Black "Pereira, Henry Alberto"]
[Result "1-0"]
[WhiteElo "1661"]
[BlackElo "1955"]
[WhiteFideId "3004147"]
[BlackFideId "4433270"]
[EventDate "2015.05.15"]
[EventType "swiss"]

1. e4 d5 2. exd5 Qxd5 3. Nc3 Qd6 4. d4 Nf6 5. Nf3 g6 6. Be2 Bg7 7. O-O O-O 8.
Nb5 Qd8 9. c4 c6 10. Nc3 Nbd7 11. Bf4 Nh5 12. Be3 f5 13. Ng5 Ndf6 14. h3 f4 15.
Bc1 Bh6 16. Nf3 Ng7 17. Re1 Nf5 18. b3 Qa5 19. Bd2 Qc7 20. d5 Bd7 21. Bc1 Rad8
22. Ba3 Qa5 23. Bb2 Bc8 24. Nd4 cxd5 25. Nxf5 Bxf5 26. Nxd5 Nxd5 27. cxd5 Rf7
28. Bc4 b5 29. Bf1 Qb6 30. a4 a6 31. axb5 axb5 32. Be2 Bg7 33. Bxg7 Kxg7 34. Qd2
Bd7 35. Bf3 Qf6 36. Qe2 Qc3 37. Qe5+ Qxe5 38. Rxe5 Kf6 39. Re4 Kg7 40. Ra7 Kf8
41. Rb7 Rf6 42. Be2 e6 43. dxe6 Bxe6 44. Rxb5 f3 45. Bxf3 Bxh3 46. Rh4 Bd7 47.
Rb7 h5 48. Rd4 Ke7 49. Re4+ Kf8 50. Re1 Rd6 51. Rb4 Rc8 52. Rf4+ Kg7 53. b4 Rc2
54. Rb1 Rdd2 55. Be4 Ra2 56. Re1 Bb5 57. Rc1 g5 58. Rf5 g4 59. Rxb5 1-0

[Event "10th American Continental"]
[Site "Montevideo URU"]
[Date "2015.05.23"]
[Round "10.62"]
[White "Boff, Andre Ricardo"]
[Black "Pelaez, Diego"]
[Result "1-0"]
[WhiteElo "1927"]
[BlackElo "1567"]
[WhiteFideId "2154854"]
[BlackFideId "3006476"]
[EventDate "2015.05.15"]
[EventType "swiss"]

1. d4 Nf6 2. Nf3 g6 3. e3 Bg7 4. Be2 O-O 5. O-O d6 6. b3 Nbd7 7. Bb2 c5 8. c4
Re8 9. Nc3 Nf8 10. h3 b6 11. Qc2 a6 12. Rad1 Qc7 13. Rfe1 h6 14. d5 e5 15. dxe6
Bxe6 16. e4 Rad8 17. Rd2 g5 18. Red1 Ng6 19. Bf1 Bc8 20. Nh2 Nf4 21. f3 h5 22.
g4 hxg4 23. Nxg4 Nxg4 24. hxg4 Bd4+ 25. Rxd4 cxd4 26. Ne2 Ng6 27. Bxd4 Ne5 28.
Kf2 Qe7 29. Ng3 f6 30. Bxb6 Rd7 31. Nf5 Rb7 32. Nxe7+ Rexe7 33. Bd4 Rh7 34. Bxe5
fxe5 35. Rxd6 1-0

[Event "10th American Continental"]
[Site "Montevideo URU"]
[Date "2015.05.23"]
[Round "10.63"]
[White "Pinero, Ismael"]
[Black "Blanchard, Marcel"]
[Result "1-0"]
[WhiteTitle "CM"]
[WhiteElo "2013"]
[BlackElo "1804"]
[WhiteFideId "3004244"]
[BlackFideId "3000214"]
[EventDate "2015.05.15"]
[EventType "swiss"]

1. e4 e5 2. Nf3 Nc6 3. Bb5 Nge7 4. c3 g6 5. d4 exd4 6. cxd4 Bg7 7. d5 Nb8 8. O-O
O-O 9. Nc3 d6 10. Bg5 a6 11. Bc4 Nd7 12. Nd4 Ne5 13. Be2 h6 14. Be3 Nd7 15. f4
c5 16. dxc6 bxc6 17. Qd2 d5 18. exd5 cxd5 19. f5 Nxf5 20. Nxf5 gxf5 21. Rxf5 Nb6
22. Rff1 Nc4 23. Bxc4 dxc4 24. Bxh6 Qxd2 25. Bxd2 Bd4+ 26. Kh1 Rb8 27. Rab1 Be6
28. Na4 Rfd8 29. Bc3 Bxc3 30. Nxc3 Rd2 31. Na4 Bd5 32. Rg1 Bc6 33. Nc5 Rbxb2 34.
Rxb2 Rxb2 35. Nxa6 Rxa2 36. Nb4 Bxg2+ 37. Rxg2+ Rxg2 38. Kxg2 c3 39. Kf3 Kg7 40.
Ke3 Kg6 41. Nd3 Kg5 42. Nf2 c2 43. Kd2 Kf4 44. Kxc2 Ke3 45. Kd1 Kf3 46. Ke1 Kf4
47. Kf1 Kf3 48. Kg1 Kf4 49. Kg2 Kg5 50. Kg3 Kf5 51. Nd3 Kg5 52. Nf4 Kf5 53. h4
Kf6 54. Kg4 Kg7 55. Kg5 Kh7 56. Kf6 Kg8 57. h5 Kh7 58. Kxf7 Kh6 59. Kg8 Kg5 60.
Kg7 1-0

[Event "10th American Continental"]
[Site "Montevideo URU"]
[Date "2015.05.23"]
[Round "10.64"]
[White "Perez, Cecilia Manuela"]
[Black "Diaz, Maria M.A."]
[Result "0-1"]
[BlackTitle "WFM"]
[WhiteElo "1525"]
[BlackElo "1963"]
[WhiteFideId "3003191"]
[BlackFideId "7500114"]
[EventDate "2015.05.15"]
[EventType "swiss"]

1. Nf3 f5 2. d4 Nf6 3. e3 e6 4. Bd3 Nc6 5. a3 d6 6. Nbd2 e5 7. dxe5 Nxe5 8. Be2
Be7 9. O-O O-O 10. b3 Qe8 11. Bb2 Nfd7 12. Nc4 Bf6 13. Nfxe5 Nxe5 14. Nxe5 Bxe5
15. Qd5+ Be6 16. Qxb7 Bxb2 17. Ra2 Be5 18. Bf3 Rc8 19. Qxa7 Qg6 20. g3 f4 21.
exf4 Rxf4 22. Bg2 Bd4 23. Qb7 Rff8 24. Qb4 c5 25. Qd2 Rcd8 26. a4 Qh5 27. c3 Bf6
28. Rb2 Bh3 29. Rbb1 Bxg2 30. Kxg2 Qe5 31. Rfc1 Bg5 32. f4 Qe4+ 33. Kg1 Bf6 34.
b4 cxb4 35. cxb4 Bd4+ 36. Kf1 Qf3+ 0-1

[Event "10th American Continental"]
[Site "Montevideo URU"]
[Date "2015.05.23"]
[Round "10.65"]
[White "Braga, Jose Pereira"]
[Black "Gomez Troccoli, Martin"]
[Result "1/2-1/2"]
[WhiteElo "1911"]
[BlackElo "1761"]
[WhiteFideId "2103435"]
[BlackFideId "3006778"]
[EventDate "2015.05.15"]
[EventType "swiss"]

1. e4 e6 2. d4 d5 3. Nd2 Nf6 4. e5 Nfd7 5. f4 c5 6. Ndf3 cxd4 7. Nxd4 Bc5 8.
Ngf3 Nc6 9. c3 a5 10. Bd3 g6 11. O-O Qb6 12. Be2 O-O 13. Kh1 Qc7 14. Be3 b6 15.
Qd2 Ba6 16. Rfd1 b5 17. Nxc6 Qxc6 18. Bxc5 Qxc5 19. Bd3 b4 20. cxb4 Qxb4 21.
Rac1 Bxd3 22. Qxb4 axb4 23. Rxd3 Rxa2 24. Rb3 Rfa8 25. g3 Ra1 26. Rxa1 Rxa1+ 27.
Kg2 Ra4 28. Nd4 Nc5 29. Re3 Ra2 30. Re2 b3 31. Kf3 Kf8 32. Ke3 Ke8 33. Nb5 Kd7
34. Nc3 Kc6 35. Kd4 Kb6 36. Rd2 Kc6 37. Re2 Ra1 38. Ke3 Na4 39. Kd4 Nc5 40. Ke3
Kb6 41. Kd4 Rc1 42. Ke3 Ka5 43. Rd2 Na4 44. Nxa4 Kxa4 45. Kd3 Kb4 46. Ke3 Rc2
47. Kd3 Rc1 48. Re2 h5 49. Rd2 Re1 50. Kd4 Re4+ 51. Kd3 g5 52. fxg5 Rxe5 53. Rf2
Rxg5 54. Rxf7 h4 55. Rb7+ Kc5 56. gxh4 Rh5 57. Rxb3 Rxh4 58. Rb8 Rxh2 59. Rc8+
Kd6 60. b4 Rh3+ 61. Kc2 Rh7 62. Kb3 Rc7 63. Re8 Kd7 64. Rh8 Rc8 65. Rh6 d4 66.
b5 d3 67. Rh3 Rc5 68. Rxd3+ Rd5 69. Rxd5+ exd5 70. Kb4 Kd6 71. Ka5 d4 72. b6 d3
73. Ka6 d2 74. b7 d1=Q 75. b8=Q+ Ke6 1/2-1/2

[Event "10th American Continental"]
[Site "Montevideo URU"]
[Date "2015.05.23"]
[Round "10.66"]
[White "Ortiz, Jorge"]
[Black "Pena, Luis"]
[Result "1-0"]
[WhiteElo "1894"]
[BlackElo "1680"]
[WhiteFideId "113972"]
[BlackFideId "3006000"]
[EventDate "2015.05.15"]
[EventType "swiss"]

1. e4 c5 2. Nf3 d6 3. Bb5+ Nc6 4. d4 cxd4 5. Nxd4 Bd7 6. c4 a6 7. Ba4 Nf6 8. Nc3
Nxd4 9. Bxd7+ Qxd7 10. Qxd4 e5 11. Qd3 Be7 12. O-O h6 13. h3 Rc8 14. b3 Qc6 15.
Bb2 O-O 16. Rac1 Rfd8 17. Kh1 Bf8 18. Rc2 b5 19. cxb5 axb5 20. Rfc1 Qb7 21. f3
b4 22. Ne2 Rxc2 23. Qxc2 Qa7 24. Ng3 Nd7 25. Rd1 Nc5 26. Bxe5 Ne6 27. Bb2 Ra8
28. Ra1 Qe3 29. Nf5 Qg5 30. a4 bxa3 31. Rxa3 Rxa3 32. Bxa3 g6 33. Nxd6 Qe5 34.
Nc4 Qa1+ 35. Qc1 Qf6 36. Bxf8 Kxf8 37. Qxh6+ Kg8 38. Qd2 Ng5 39. Qb2 Qf4 40. Qe5
Qc1+ 41. Kh2 Nxf3+ 42. gxf3 Qc2+ 43. Kg3 Qxb3 44. Nd6 Qb6 45. Qe8+ Kg7 46. Qxf7+
Kh6 47. Qf4+ Kh7 48. Nf7 Qg1+ 49. Kh4 Kg7 50. Ne5 Qe1+ 51. Kg5 Qg1+ 52. Ng4 Qg2
53. Qf6+ 1-0

[Event "10th American Continental"]
[Site "Montevideo URU"]
[Date "2015.05.23"]
[Round "10.67"]
[White "Casas, Nicolas"]
[Black "Nakle, Gonzalo"]
[Result "1-0"]
[WhiteElo "1834"]
[BlackElo "1737"]
[WhiteFideId "3002055"]
[BlackFideId "3002250"]
[EventDate "2015.05.15"]
[EventType "swiss"]

1. d4 Nf6 2. Nf3 g6 3. Bf4 Bg7 4. e3 O-O 5. Be2 d6 6. h3 Re8 7. O-O b6 8. c3 Bb7
9. Nbd2 c5 10. dxc5 dxc5 11. Nc4 Nc6 12. Qb3 Nd7 13. Rad1 e5 14. Bg5 Qc7 15. Nd6
Re6 16. Nxb7 Qxb7 17. Qd5 Nf6 18. Bxf6 Bxf6 19. Qd7 Qxd7 20. Rxd7 e4 21. Nh2 Ne5
22. Rd2 c4 23. Rfd1 Nd3 24. Bxd3 exd3 25. Nf3 b5 26. a3 a5 27. Nd4 Bxd4 28. cxd4
Kf8 29. g4 Ke7 30. Kg2 Kd6 31. Rc1 Kd5 32. Kf3 Rf6+ 33. Kg3 b4 34. b3 c3 35.
Rxd3 Ke4 36. Rdd1 Rc8 37. axb4 axb4 38. d5 Rd6 39. Rd4+ Ke5 40. f4+ Kf6 41. Rxb4
Rxd5 42. Rc4 Rxc4 43. bxc4 Rd3 44. Kf3 Ke6 45. Ke4 Rd2 46. Rxc3 f5+ 47. gxf5+
gxf5+ 48. Kf3 h5 49. Kg3 Rd1 50. c5 Rg1+ 51. Kf2 Rh1 52. Kg2 Re1 53. c6 1-0

[Event "10th American Continental"]
[Site "Montevideo URU"]
[Date "2015.05.23"]
[Round "10.68"]
[White "Croes, Octavio"]
[Black "Torres Acosta, Raul"]
[Result "1/2-1/2"]
[WhiteTitle "CM"]
[WhiteElo "1887"]
[BlackElo "1677"]
[WhiteFideId "1007220"]
[BlackFideId "3006174"]
[EventDate "2015.05.15"]
[EventType "swiss"]

1. d4 Nf6 2. c4 e6 3. Nf3 d5 4. g3 Be7 5. Bg2 O-O 6. O-O c6 7. b3 Nbd7 8. Qc2 b6
9. Re1 Qc7 10. Bb2 Bd6 11. cxd5 exd5 12. Nbd2 Re8 13. e4 dxe4 14. Ng5 h6 15.
Ngxe4 Bb7 16. Nxd6 Qxd6 17. Nc4 Qc7 18. Ne5 Rac8 19. Rac1 Nxe5 20. dxe5 Nd7 21.
Bh3 Rcd8 22. e6 Nc5 23. Qc4 Nxe6 24. Bxe6 Rxe6 25. Rxe6 fxe6 26. Qxe6+ Qf7 1/2-1/2

[Event "10th American Continental"]
[Site "Montevideo URU"]
[Date "2015.05.23"]
[Round "10.70"]
[White "Perez, Jose Luis"]
[Black "Rodrigues, Julliano de Araujo"]
[Result "0-1"]
[WhiteElo "1543"]
[BlackElo "1808"]
[WhiteFideId "3001466"]
[BlackFideId "2127288"]
[EventDate "2015.05.15"]
[EventType "swiss"]

1. d4 Nf6 2. c4 e6 3. Nc3 Bb4 4. f3 O-O 5. Qc2 c5 6. Be3 cxd4 7. Bxd4 Nc6 8. Bf2
d5 9. Rd1 Qa5 10. e3 Qxa2 11. Bh4 dxc4 12. Bxf6 gxf6 13. Kf2 Qb3 14. Qxb3 cxb3
15. Nh3 Bxc3 16. bxc3 a5 17. Bc4 a4 18. Rd2 Ne5 19. Bxb3 axb3 20. Rhd1 Bd7 21.
f4 Ng4+ 22. Kf3 Nxh2+ 23. Kg3 Bc6 24. Rd4 Ra2 25. e4 f5 26. Ng5 Ng4 0-1

[Event "10th American Continental"]
[Site "Montevideo URU"]
[Date "2015.05.23"]
[Round "10.71"]
[White "Anza, Vicenzo"]
[Black "Areco, Antonio"]
[Result "0-1"]
[WhiteElo "1486"]
[BlackElo "1746"]
[WhiteFideId "3007510"]
[BlackFideId "139190"]
[EventDate "2015.05.15"]
[EventType "swiss"]

1. e4 c5 2. d3 g6 3. Nf3 Bg7 4. g3 Nc6 5. Bg2 d6 6. Nbd2 Nf6 7. O-O O-O 8. h4
Bg4 9. c3 Ne5 10. d4 cxd4 11. cxd4 Nxf3+ 12. Bxf3 Bxf3 13. Qxf3 Nd7 14. h5 Bxd4
15. h6 Bf6 16. g4 Ne5 17. Qg3 Qd7 18. g5 Bh8 19. f4 Nc6 20. f5 Nd4 21. Qd3 Rac8
22. f6 exf6 23. Qxd4 Qg4+ 24. Kf2 fxg5 25. Qe3 Be5 26. Nf3 Rc2+ 27. Ke1 Bf4 28.
Qd3 Rfc8 29. Bxf4 Qxf4 30. Nd2 Qh4+ 31. Ke2 Qh2+ 32. Rf2 Qxh6 33. Qf3 Qg7 34.
Raf1 R8c7 35. Qf6 Qxf6 36. Rxf6 Rxb2 37. Rxd6 Rxa2 38. Rg1 h6 39. Rh1 Kg7 40. e5
Re7 41. Rd5 f6 42. Kd3 fxe5 43. Re1 Ra3+ 44. Kc2 Ra2+ 45. Kb3 Ra6 46. Rf1 e4 47.
Nxe4 Rb6+ 48. Kc3 Rbe6 49. Nc5 Rc6 50. Kb4 b6 51. Nd3 a6 52. Ne5 Rc5 53. Rd6
Rcxe5 54. Rff6 Re4+ 55. Kc3 Re3+ 56. Kc2 Re2+ 57. Kc1 Re1+ 58. Kb2 R7e2+ 59. Kb3
Rb1+ 60. Kc3 Rc1+ 61. Kb3 Rh1 62. Rxg6+ Kf7 63. Rxb6 Rb1+ 64. Kc3 Rxb6 65. Rxb6
Re6 66. Rb7+ Kg6 67. Kd3 Kf5 68. Rf7+ Kg4 69. Rf1 h5 70. Rg1+ Kf5 71. Rh1 h4 72.
Rf1+ Kg6 73. Kd4 g4 74. Kd5 Rf6 75. Rh1 Kg5 76. Ke5 Rf5+ 77. Ke4 h3 78. Rd1 g3
79. Rd8 Kg4 80. Ra8 h2 81. Rg8+ Rg5 0-1

[Event "10th American Continental"]
[Site "Montevideo URU"]
[Date "2015.05.23"]
[Round "10.72"]
[White "Pereira, Armando Scharlau"]
[Black "Montenegro, Claudia"]
[Result "1-0"]
[WhiteElo "1717"]
[BlackElo "1628"]
[WhiteFideId "2122006"]
[BlackFideId "3006719"]
[EventDate "2015.05.15"]
[EventType "swiss"]

1. d4 d5 2. Nf3 Nf6 3. Bf4 e6 4. e3 Be7 5. Nbd2 c5 6. dxc5 Bxc5 7. Nb3 Bd6 8.
Bg5 Be7 9. Bb5+ Bd7 10. Qe2 a6 11. Bxd7+ Nbxd7 12. O-O O-O 13. Nbd4 Rc8 14. Rac1
Ne4 15. Bxe7 Qxe7 16. c4 g6 17. cxd5 exd5 18. Rfd1 Ndf6 19. Ne1 Rfe8 20. Nd3
Red8 21. Nf4 h5 22. h3 Kg7 23. a3 Rc7 24. Rxc7 Qxc7 25. Nfe6+ 1-0

[Event "10th American Continental"]
[Site "Montevideo URU"]
[Date "2015.05.23"]
[Round "10.73"]
[White "Larrea, Osvaldo"]
[Black "De la Torre, Andres"]
[Result "1-0"]
[WhiteElo "1843"]
[BlackElo "1699"]
[WhiteFideId "3004546"]
[BlackFideId "3005186"]
[EventDate "2015.05.15"]
[EventType "swiss"]

1. f4 b6 2. Nf3 Bb7 3. e3 g6 4. Nc3 Nf6 5. b3 Bg7 6. Bb2 O-O 7. Be2 d5 8. O-O c5
9. Qe1 Nc6 10. Na4 Nb4 11. Qc1 Rc8 12. a3 Nc6 13. Nc3 a6 14. Qe1 d4 15. Nd1 Nh5
16. Nh4 Nf6 17. Bf3 Nd5 18. Bxd5 Qxd5 19. e4 Qd6 20. d3 e5 21. f5 Ne7 22. Bc1
gxf5 23. Nxf5 Nxf5 24. Rxf5 Rc6 25. Qg3 Bc8 26. Rh5 Qg6 27. Rg5 Qf6 28. Nf2 Kh8
29. Ng4 Bxg4 30. Rxg4 Rg8 31. Bd2 Qe7 32. Rf1 Rg6 33. Rxg6 fxg6 34. Bg5 Qe8 35.
Bf6 Qe6 36. Qf3 Qf7 37. Bxe5 Qxf3 38. Bxg7+ Kxg7 39. gxf3 Kf6 40. f4 b5 41. Kg2
a5 42. Kf3 Rb8 43. Rb1 h6 44. h4 Rb6 45. Ra1 a4 46. Ke2 g5 47. fxg5+ hxg5 48.
Rf1+ Ke7 49. hxg5 b4 50. axb4 a3 51. Ra1 cxb4 52. Kd2 Kf7 53. Rf1+ Kg6 54. Kc1
Rb5 55. Rf6+ Kxg5 56. Rd6 Kf4 57. Rxd4 Ke3 58. Rd5 Rb7 59. Rc5 Rh7 60. Kb1 Rb7
61. Rc4 Kf4 62. Ka2 Ke3 63. e5 Rb6 64. Re4+ Kd2 65. e6 Rc6 66. Rxb4 Rxc2+ 67.
Kxa3 Kxd3 68. Rb6 Kd4 69. Kb4 Kd5 70. Kb5 1-0